000
00268nam a2200109Ia 4500
008
190216s9999||||xx |||||||||||||| ||und||
100
_a
Subhu Raj
245
0
_a
Clercks Grade Examinations
260
_b
Sura College Of Competition
650
_a
References
942
_c
REF
999
_c
35841
_d
35841